ბათუმის შოთა რუსთაველის სახელმწიფო უნივერსიტეტის ბიბლიოთეკა

შერისხულნი : 15 ტომად. ტ. 1, თეთრი საყელო. ჯაყოს ხიზნები. დამდნარი ჯაჭვი. რკინის საცერი / (ბიბ.ჩანაწერი № 42807)

000 -ლიდერი
ფიქსირებული სიგრძის საკონტროლო ველი 01238nam a2200265Ia 4500
001 - საკონტროლო ნომერი
საკონტროლო ველი 9513
003 - საკონტროლო ნომრის იდენტიფიკატორი
საკონტროლო ველი GE_BSU
005 - ბოლო ოპერაციის თარიღი და დრო
საკონტროლო ველი 20240611170100.0
008 - ფიქსირებული სიგრძის მონაცემთა ელემენტები - ზოგადი ინფორმაცია
ფიქსირებული სიგრძის საკონტროლო ველი 181216s1992||||ge |||||||||||||| ||geo||
040 ## - კატალოგიზაციის წყარო
Transcribing agency GE_BSU
041 ## - ენის კოდი
Language code of text/sound track or separate title geo
080 ## - უნივერსალური ათობითი კლასიფიკაციის ინდექსი
Universal Decimal Classification number 821.353.1+821.353.1-31+821.353.1-32 შ–51
245 ## - ცნობა სათაურის შესახებ
Title შერისხულნი : 15 ტომად. ტ. 1, თეთრი საყელო. ჯაყოს ხიზნები. დამდნარი ჯაჭვი. რკინის საცერი /
Statement of responsibility, etc მიხეილ ჯავახიშვილი ; [რედ. : მანანა ასათიანი].
264 ## - წარმოების, გამოცემის, დისტრიბუციის და სხვა ცნობები
გამოცემის, წარმოების, დისტრიბუციის... ადგილი თბილისი :
გამოცემის, წარმოების, დისტრიბუციის... სახელწოდება მერანი,
გამოცემის, წარმოების, დისტრიბუციის... თარიღი 1992.
300 ## - ფიზიკური აღწერა
Extent 526 გვ. ;
490 ## - სერიის ცნობა
Series statement რეპრესირებული ქართველი მწერლები
653 ## - INDEX TERM--UNCONTROLLED
Uncontrolled term შერისხულნი
653 ## - INDEX TERM--UNCONTROLLED
Uncontrolled term თეთრი საყელო
653 ## - INDEX TERM--UNCONTROLLED
Uncontrolled term ჯაყოს ხიზნები
653 ## - INDEX TERM--UNCONTROLLED
Uncontrolled term დამდნარი ჯაჭვი
653 ## - INDEX TERM--UNCONTROLLED
Uncontrolled term რკინის საცერი
700 ## - ADDED ENTRY--PERSONAL NAME
Personal name ასათიანი, მანანა
Relator term რედაქტორი
9 (RLIN) 6170
942 ## - ADDED ENTRY ELEMENTS (KOHA)
Koha item type წიგნი
Source of classification or shelving scheme
ეგზემპლარები
ჩამოწერის სტატუსი დაკარგული ეგზემპლარის სტატუსი კლასიფიკაციის წყარო ან თაროზე გაწყობის სქემა დაზიანების სტატუსი არ გაიცემა მუდმივი მდებარეობა (დაცვის ადგილი) ამჟამინდელი ადგილსამყოფელი თაროზე განთავსების ადგილი შეძენის თარიღი ღირებულება, შესყიდვის ნორმალური ფასი სრული შენახვის შიფრი შტრიხკოდი ბოლო ოპერაციის თარიღი ეგზემპლარის მიმდევრობითი ნომერი (კეტერი?) ფასის ძალაში შესვლის თარიღი ეგზემპლარის სახეობა საჯარო შენიშვნა
          ბათუმის შოთა რუსთაველის სახელმწიფო უნივერსიტეტის მთავარი ბიბლიოთეკა ბათუმის შოთა რუსთაველის სახელმწიფო უნივერსიტეტის მთავარი ბიბლიოთეკა წიგნსაცავი 2018-12-17 14.00 821.353.1+821.353.1-31+821.353.1-32 შ–51 26827 2018-12-17 26827 2018-12-17 წიგნი 14.00 ₾.